Normal view
MARC view
- Qasmi, Ahmed Nadeem
Entry Personal Name
001 - CONTROL NUMBER
- control field: 25476
003 - CONTROL NUMBER IDENTIFIER
- control field: NUST
005 - DATE AND TIME OF LATEST TRANSACTION
- control field: 20191111114139.0
008 - FIXED-LENGTH DATA ELEMENTS
- fixed length control field: 191111|| aca||aabn | a|a d
040 ## - CATALOGING SOURCE
- Original cataloging agency: NUST
- Transcribing agency: NUST
100 ## - HEADING--PERSONAL NAME
- Personal name: Qasmi, Ahmed Nadeem
670 ## - SOURCE DATA FOUND
- Source citation: Work cat.: (NUST)412726: Qasmi, Ahmed Nadeem, Dashth-e-Wafa / دشت وفا, 2012
